Sheffield Steelers roster 2021-2022 - Statistics

General Stats
  • This quiz has been taken 23 times
  • The average score is 19 of 29
Answer Stats
Number or role Answer % Correct
75 Robert Dowd
100%
Head Coach Aaron Fox
93%
20 Jonathan Phillips
93%
Assistant coach Carter Beston-Will
87%
Mascot Steeler Dan
87%
13 David Phillips
80%
62 Martin Latal
80%
10 Tanner Eberle
80%
33 Barry Brust
73%
74 Brandon Whistle
73%
5 Daine Todd
73%
90 John Armstrong
73%
12 Justin Hodgman
73%
88 Marc-Olivier Vallerand
73%
44 Sam Jones
67%
47 Adrian Saxrud-Danielsen
60%
21 Alex Graham
60%
27 Cole Shudra
60%
39 Rok Stojanovic
60%
34 Curtis Warburton
53%
17 Evan Mosey
53%
28 Kevin Schulze
53%
67 Matias Sointu
53%
63 Brendan Connolly
47%
71 Nico Feldner
47%
14 Antonin Boruta
40%
77 Keaton Ellerby
40%
38 Tommaso Traversa
33%
24 Vojtech Polak
27%
No matching quizzes found
Score Distribution
Percent of People with Each Score
Percentile by Number Answered
Your Score History
You have not taken this quiz